| 000 | 01479nam a22001937a 4500 | ||
|---|---|---|---|
| 005 | 20220624213119.0 | ||
| 008 | 220624b |||||||| |||| 00| 0 eng d | ||
| 020 | _a9788480265997 | ||
| 040 | _cBiblioteca Lado V | ||
| 082 |
_a700.82 _bM985m |
||
| 100 | _aMuseo Nacional Centro de Arte Reina Sofía | ||
| 110 | _aPineda, Mercedes (edición) | ||
| 245 |
_aMusas insumisas _bDelphine Seyrig y los colectivos de vídeo feminista en Francia en los 70 y 80 |
||
| 260 |
_aMadrid _bMuseo Nacional Centro de Arte Reina Sofía _c2019 |
||
| 300 |
_a240 p. _bil. (col) _c23 x 17 cm |
||
| 505 |
_tMusas insumisas: una introducción _rNataša Petrešin-Bachelez y Giovanna Zapperi _tUndoing the diva: Delphine Seyrig, o la deconstrucción de un mito _rAlexandre Moussa _t¿Cortar los hombres en pedazos? Las formas lúdicas del videoactivismo de Delphine Seyrig y Carole Roussopoulos _rRos Murray _tSer una mujer, no una aparición. La búsqueda feminista de Delphine Seyrig _rFrançoise Vergès _t"Nunca visto pero imaginado a la perfección": el papel de Delphine Seyrig en el cine de Ulrike Ottinger _rÉlisabeth Lebovici _t"Una historia extraordinaria": el Centre audiovisuel Simone de Beauvoir de París _rNataša Petrešin-Bachelez y Giovanna Zapperi en conversación con Nicole Fernández Ferrer _tEpílogo _tListado de imágenes |
||
| 650 |
_xarte contemporáneo _xarte - mujeres _xmujeres en el arte _xarte - exhibición _xarte - feminismo _xarte - videoarte feminista _xFrancia |
||
| 942 |
_2ddc _c1 _n0 |
||
| 999 |
_c1913 _d1913 |
||